dni i miesiące - j. włoski - Statystyki

Ogólne statystyki
  • Ten quiz został rozwiązany 262 razy
  • Średni wynik to 15 z 24
Statystyki odpowiedzi
po polsku po włosku % Poprawnych
poniedziałek lunedì
89%
wtorek martedì
81%
sobota sabato
81%
niedziela domenica
80%
marzec marzo
79%
kwiecień aprile
75%
luty febbraio
72%
maj maggio
72%
środa mercoledì
72%
styczeń gennaio
71%
grudzień dicembre
70%
listopad novembre
70%
wrzesień settembre
70%
piątek venerdì
69%
sierpień agosto
67%
czwartek giovedì
67%
październik ottobre
65%
lipiec luglio
60%
czerwiec giugno
55%
rok anno
49%
dzień giorno
49%
tydzień settimana
40%
miesiąc mese
31%
weekend fina settimana
6%
Nie znaleziono quizów pasujących do podanych kryteriów
Rozkład punktacji
Procent ludzi z każdym wynikiem
Percentyl według liczby udzielonych odpowiedzi
Twoja historia wyników
Nie rozwiązałeś tego quizu